• 首页
  • 本馆介绍
  • 公告通知
  • 最新文献
  • 馆藏检索
  • 电子资源
  • 读者导购
  • 参考咨询
  • 我的图书馆
  • 登录
  • 详细信息显示
  • 放入我的书架
  • 预约/预借图书
  • 作者相关作品
  • 分类相关作品
  • 丛书相关作品
  • 出版社相关作品

书目信息

  • 表格格式
  • 工作单格式
  • 卡片格式
题名:
三峡库区滑坡预测理论与方法
    
 
作者: 易武, , 孟召平, , 易庆林, 著
分册:  
出版信息: 北京   科学出版社  2018重印
页数: 216页
开本: 24cm
丛书名:
单 册:
中图分类: P642.22 , TV632.719
科图分类:
主题词: 三峡水利工程--san xia shui li gong cheng--滑坡--预测--研究
电子资源:
ISBN: 978-7-03-030557-2
000 01280cam0 2200301 45
001 012001002436
005 20140101100616.0
010    @a978-7-03-030557-2@dCNY42.00
099    @aCAL 012011095384
100    @a20110530d2011 em y0chiy0121 ea
101 0  @achi
102    @aCN@b110000
105    @aak a 000yy
106    @ar
200 1  @a三峡库区滑坡预测理论与方法@Asan xia ku qu hua po yu ce li lun yu fang fa@d= Theory and method of landslide stability prediction in the three gorges reservoir area@f易武, 孟召平, 易庆林著@zeng
210    @a北京@c科学出版社@d2018重印
215    @a216页@c图@d24cm
320    @a有书目
330    @a本书针对三峡库区滑坡预测与评价问题,系统地研究了三峡库区滑坡地质特征及其影响因素,库水作用下滑坡稳定性的动态响应机制,滑坡预测预报模型、方法和滑坡前兆信息的监测,以及滑坡控制机理及防治等内容。
510 1  @aTheory and method of landslide stability prediction in the three gorges reservoir area@zeng
606 0  @a三峡水利工程@Asan xia shui li gong cheng@x滑坡@x预测@x研究
690    @aP642.22@v4
690    @aTV632.719@v4
701  0 @a易武,@Ayi wu@f1966-@4著
701  0 @a孟召平,@Ameng zhao ping@f1963-@4著
701  0 @a易庆林,@Ayi qing lin@f1966-@4著
801  0 @aCN@b北京卓展@c20191020
905    @b1203433-5@dP642.22@e105@f3
    
    三峡库区滑坡预测理论与方法= Theory and method of landslide stability prediction in the three gorges reservoir area/易武, 孟召平, 易庆林著.-北京:科学出版社,2018重印
    216页:图;24cm
    
    
    ISBN 978-7-03-030557-2:CNY42.00
    本书针对三峡库区滑坡预测与评价问题,系统地研究了三峡库区滑坡地质特征及其影响因素,库水作用下滑坡稳定性的动态响应机制,滑坡预测预报模型、方法和滑坡前兆信息的监测,以及滑坡控制机理及防治等内容。
●
相关链接 在E读中查询图书 在五车中查询图书 在当当中查询图书 在豆瓣中查询图书


正题名:三峡库区滑坡预测理论与方法     索取号:P642.22/105         预约/预借

序号 登录号 条形码 馆藏地/架位号 状态 备注
1 1203433   212034332   第二样本阅览室/ [索取号:P642.22/105] 在馆    
2 1203434   212034341   第三借阅区/ [索取号:P642.22/105] 在馆    
3 1203435   212034350   第三借阅区/ [索取号:P642.22/105] 在馆    
唐山师范学院图书馆 欢迎您!
大连网信软件有限公司© 版权所有